Southville International School and Colleges
Your cart is empty.
  • Cart
  • Lists
    Public lists Eva Luna New books Lux_list list_1
    Your lists Log in to create your own lists
  • Log in to your account
  • Your cookies
  • Search history
Southville International School and Colleges
  • Advanced search
  • Recent comments
  • Most popular
  • Libraries

Log in to your account

Log in with GOOGLE


If you do not have an external account, but do have a local account, you can still log in:

  1. Home
  2. MARC view: The Food of France /
Normal view MARC view ISBD view

The Food of France / (Record no. 300642)

[ view plain ]
MARC details
000 -LEADER
fixed length control field 00650nam a2200229Ia 4500
008 - FIXED-LENGTH DATA ELEMENTS--GENERAL INFORMATION
fixed length control field 160819s9999 xx 000 0 und d
020 ## - INTERNATIONAL STANDARD BOOK NUMBER
International Standard Book Number 978-1-85626-650-5
050 ## - LIBRARY OF CONGRESS CALL NUMBER
Classification number CUL TX 360
050 ## - LIBRARY OF CONGRESS CALL NUMBER
Item number .F67W66 2006
100 ## - MAIN ENTRY--PERSONAL NAME
Personal name Woodward, Sarah.
245 #4 - TITLE STATEMENT
Title The Food of France /
245 ## - TITLE STATEMENT
Statement of responsibility, etc Sarah Woodward; foreword by Raymond Blane; photography by Richard Jung.
260 ## - PUBLICATION, DISTRIBUTION, ETC. (IMPRINT)
Place of publication, distribution, etc London :
260 ## - PUBLICATION, DISTRIBUTION, ETC. (IMPRINT)
Name of publisher, distributor, etc Kyle Cathie Limited,
260 ## - PUBLICATION, DISTRIBUTION, ETC. (IMPRINT)
Date of publication, distribution, etc 2006
300 ## - PHYSICAL DESCRIPTION
Extent 208 pages :
300 ## - PHYSICAL DESCRIPTION
Other physical details color illustrations ;
300 ## - PHYSICAL DESCRIPTION
Dimensions 26 cm.
500 ## - GENERAL NOTE
General note Includes index.
650 ## - SUBJECT ADDED ENTRY--TOPICAL TERM
Topical term or geographic name as entry element Food supply -- France.
650 ## - SUBJECT ADDED ENTRY--TOPICAL TERM
General subdivision Wine and wine making -- France.
Holdings
Withdrawn status Lost status Damaged status Home library Current library Shelving location Date acquired Total Checkouts Full call number Barcode Date last seen Price effective from Koha item type
      South Mansfield College South Mansfield College   01/10/2008   CUL TX 360 .F67W66 2006 SMC04003 08/19/2016 08/19/2016  

The Food of France /

APA

Woodward S., .The Food of France. London: .

Chicago

Woodward Sarah, .The Food of France. London: .

Harvard

Woodward S., .The Food of France. London: .

MLA

Woodward Sarah, .London: . .

  • Place hold
  • Print
  • Cite
  • Add to your cart (remove)
  • Save record
    BIBTEX Dublin Core MARCXML MARC (non-Unicode/MARC-8) MARC (Unicode/UTF-8) MARC (Unicode/UTF-8, Standard) MODS (XML) RIS
  • More searches
    Search for this title in:
    Other Libraries (WorldCat) Other Databases (Google Scholar) Online Stores (Bookfinder.com) Open Library (openlibrary.org)

Exporting to Dublin Core...

SOUTHVILLE LIBRARY

Southville International School and Colleges Library

1281 Tropical Ave. Cor. Luxembourg St., BF Homes International, Las Pinas City

Tel. No. 8256374 / 252358 Loc. 117/146

Powered by Koha